000 00584nam a22001817a 4500
003 OSt
005 20251002022817.0
008 251002b |||||||| |||| 00| 0 eng d
020 _a9789712367281
040 _aDWC-Main Lib.
_cOC
100 _aPURINO, ANACORETA P.
245 _aRizal :
_bthe greatest Filipino hero/
_cPURINO, ANACORETA P.
260 _aManila :
_bRex Book Store,
_cc2014.
300 _ax, 196 pages :
_billustrations ;
_c22 cm.
504 _aIncludes index.
650 _aRizal y Alonso, Jose Protacio--1861-1846. I. Title.
942 _2ddc
_cBK - FIL
_hFil.
_n0
999 _c4621
_d4621